TERJEMAHAN SUNAN AL-SYAFIE / (Record no. 200718)
[ view plain ]
| 000 -LEADER | |
|---|---|
| fixed length control field | 01361nam a2200337 i 4500 |
| 003 - CONTROL NUMBER IDENTIFIER | |
| control field | PPAK |
| 005 - DATE AND TIME OF LATEST TRANSACTION | |
| control field | 20250911115358.0 |
| 008 - FIXED-LENGTH DATA ELEMENTS--GENERAL INFORMATION | |
| fixed length control field | 250911t20242024my er 000 0 may d |
| 020 ## - INTERNATIONAL STANDARD BOOK NUMBER | |
| International Standard Book Number | 9786297558066 |
| Terms of availability | RM 50.00 |
| Qualifying information | paperback |
| 040 ## - CATALOGING SOURCE | |
| Original cataloging agency | PPAK |
| Language of cataloging | eng |
| Transcribing agency | PPAK |
| Description conventions | rda |
| 041 1# - LANGUAGE CODE | |
| Language code of text/sound track or separate title | may |
| Language code of original | ara |
| 082 04 - DEWEY DECIMAL CLASSIFICATION NUMBER | |
| Edition number | 23 |
| Classification number | 297.1255812 |
| 090 00 - LOCALLY ASSIGNED LC-TYPE CALL NUMBER (OCLC); LOCAL CALL NUMBER (RLIN) | |
| Classification number (OCLC) (R) ; Classification number, CALL (RLIN) (NR) | 297.1255812 |
| Feature heading | SYA |
| Feature heading | G |
| 100 1# - MAIN ENTRY--PERSONAL NAME | |
| Personal name | Al-Syafie, Nasir al-Sunnah Al-Imam Muhammad Bin Idris |
| Relator term | author, |
| -- | compiler. |
| 245 10 - TITLE STATEMENT | |
| Linkage | 880-01 |
| Title | TERJEMAHAN SUNAN AL-SYAFIE / |
| Statement of responsibility, etc. | Karya: Nasir Al-Sunnah Al-Imam Muhammad Bin Idris Al-Syafie ; Terjemahan: Maulana Hussein Abdul Kadir Al-Yusufi |
| 264 #1 - PRODUCTION, PUBLICATION, DISTRIBUTION, MANUFACTURE, AND COPYRIGHT NOTICE | |
| Place of production, publication, distribution, manufacture | Semenyih : Selangor : |
| Name of producer, publisher, distributor, manufacturer | Darul Fitri Resources, |
| Date of production, publication, distribution, manufacture, or copyright notice | 2024 |
| Date of production, publication, distribution, manufacture, or copyright notice | ©2024 |
| 300 ## - PHYSICAL DESCRIPTION | |
| Extent | 460 pages ; |
| Dimensions | 26 cm |
| 336 ## - CONTENT TYPE | |
| Content type term | text |
| Source | rdacontent |
| 337 ## - MEDIA TYPE | |
| Media type term | unmediated |
| Source | rdamedia |
| 338 ## - CARRIER TYPE | |
| Carrier type term | volume |
| Source | rdacarrier |
| 500 ## - GENERAL NOTE | |
| General note | Contains verses from the Qur'an and quotes from the Hadith |
| General note | Magnum Opus Kitab Hadis Susunan Imam Al-Syafie --cover page |
| 600 0# - SUBJECT ADDED ENTRY--PERSONAL NAME | |
| Personal name | Shafi'i, Muhammad Ibn Idris, |
| Dates associated with a name | 767 or 8-820 |
| Form subdivision | Hadith scholars |
| 650 10 - SUBJECT ADDED ENTRY--TOPICAL TERM | |
| Topical term or geographic name entry element | Hadith |
| Topical term or geographic name entry element | Hadith |
| General subdivision | Criticism, interpretation, etc |
| Topical term or geographic name entry element | Islam |
| General subdivision | Customs and practices |
| 700 0# - ADDED ENTRY--PERSONAL NAME | |
| Personal name | Hussein Abdul Kadir Al-Yusufi, |
| Dates associated with a name | 1958- |
| Titles and other words associated with a name | Maulana, |
| Relator term | translator. |
| 880 10 - ALTERNATE GRAPHIC REPRESENTATION | |
| Linkage | 245-01 |
| a | سُنَنُ الشَّافِعِي |
| 942 ## - ADDED ENTRY ELEMENTS (KOHA) | |
| Source of classification or shelving scheme | Dewey Decimal Classification |
| Koha item type | Book |
| Withdrawn | Not for loan | Current library | Shelving location | Date acquired | Total Checkouts | Full call number | Barcode | Date last seen | Koha item type |
|---|---|---|---|---|---|---|---|---|---|
| Perpustakaan Alor Setar | Pinjaman Dewasa | 17/09/2025 | 297.1255812 SYA | A01881971 | 17/09/2025 | Book | |||
| Perpustakaan Awam Sungai Petani | Pinjaman Dewasa | 17/09/2025 | 297.1255812 SYA | A01881972 | 17/09/2025 | Book | |||
| Perpustakaan Baling | Pinjaman Dewasa | 17/09/2025 | 297.1255812 SYA | A01881976 | 17/09/2025 | Book | |||
| Perpustakaan Bandar Baharu | Pinjaman Dewasa | 17/09/2025 | 297.1255812 SYA | A01881977 | 17/09/2025 | Book | |||
| Perpustakaan Jitra | Pinjaman Dewasa | 17/09/2025 | 297.1255812 SYA | A01881973 | 17/09/2025 | Book | |||
| Perpustakaan Kulim | Pinjaman Dewasa | 17/09/2025 | 297.1255812 SYA | A01881975 | 17/09/2025 | Book | |||
| Perpustakaan Langkawi | Pinjaman Dewasa | 17/09/2025 | 297.1255812 SYA | A01881974 | 17/09/2025 | Book |